Achieving results from training : How to evaluate human resource development to strength the programs and increase impact

Bibliographic Details
Main Author: Brinkerhoff, Robert O. (Author)
Format: Book
Language:English
Published: San Francisco : Jossey-Bass Publishers 1987
Subjects:

MARC

LEADER 00000cam a2200000 7i4500
001 0000003820
005 20240927.0
008 991217 cau eng
020 |a 1555420443 
040 |a INS   |b eng   |e rda 
090 0 0 |a HF5549.5.T7   |b B65 1987 
100 1 |a Brinkerhoff, Robert O. ,   |e author 
245 1 0 |a Achieving results from training :   |b How to evaluate human resource development to strength the programs and increase impact   |c Robert O. Brinkerhoff 
264 1 |a San Francisco :   |b Jossey-Bass Publishers   |c 1987 
300 |a xviii, 248 pages ;   |c 23 cm. 
336 |a text  |2 rdacontent 
337 |a unmediated  |2 rdamedia 
338 |a volume  |2 rdacarrier 
504 |a Includes bibliographical references and index 
650 0 |a Employees, training of   |x Evaluation 
999 |a 0000004498   |b BOOK   |c Open Shelf   |e Default branch